Statistics for General Knowledge Quiz #205

Click here to take the quiz!

General Stats

  • This quiz has been taken 13,486 times
  • The average score is 13 of 20

Answer Stats

QuestionAnswer% Correct
What is the name of the magical nanny who can fly using her umbrella?Mary Poppins
94%
What construction did the Greeks use to sneak into the city of Troy?Trojan Horse
91%
What's a more common word that means "buccaneer"?Pirate
90%
In what city did the Covid-19 epidemic begin?Wuhan
89%
What is the most widely-used file format for digital images?JPEG
85%
Who first appeared in the 1928 animated short "Steamboat Willie"?Mickey Mouse
81%
What is the Latin name of the sun?Sol
79%
What city is the western terminus of the Canadian Pacific Railway?Vancouver
65%
What is the screen name of actor Nicolas Coppola?Nicolas Cage
64%
On the ceiling of the Sistine Chapel, who is God reaching out to touch with his index finger?Adam
63%
What book by Abbie Hoffman has a title that urges readers to commit a crime?{Steal} this book
60%
What animal's name means "Tyrant lizard king"?Tyrannosaurus rex
54%
What European country is the world's only remaining "Grand Duchy"?Luxembourg
53%
What song's lyrics say "we haven't had that spirit here since 1969"?Hotel California
49%
What ancient device was used to connect a computer to the internet via a telephone line?Modem
49%
What mountain in Washington state shares its name with the former prince of Monaco?Mount Rainier
46%
What ancient philospher has over 2 million known descendants, forming the most extensive
recorded family tree of any individual in history?
Confucius
45%
What did the United States government test for the last time in 1992, now doing it
virtually with the help of supercomputers?
Nuclear weapons
42%
What element of the periodic table gives Pepto-Bismol its name?Bismuth
40%
Who was the only Jewish-born Prime Minister of the United Kingdom?Benjamin Disraeli
36%

Score Distribution

Percentile by Number Answered

Percent of People with Each Score

Your Score History

You have not taken this quiz